| 000 | 00452 a2200181 4500 | ||
|---|---|---|---|
| 005 | 20260407144120.0 | ||
| 008 | 260407b |||||||| |||| 00| 0 eng d | ||
| 020 |
_a9781913806538 _c£ 80.00 |
||
| 040 | _aMAIN | ||
| 082 |
_a300.72 _bL694R |
||
| 100 | _aLinn, santos | ||
| 245 | _aResearch methodology | ||
| 260 |
_bWestbury Publishing _c2021 _aUK |
||
| 300 | _aviii, 208 | ||
| 650 | _aSocial Science | ||
| 650 | _aResearch Methods | ||
| 942 | _cBK | ||
| 999 |
_c396889 _d396889 |
||